<?xml version="1.0" encoding="UTF-8"?>
<marc:record xmlns:marc="http://www.loc.gov/MARC21/slim">
   <marc:leader>00000nam a2200000 a 4500</marc:leader>
   <marc:datafield ind1="1" ind2=" " tag="100">
      <marc:subfield code="a">Kalbheim, Eva</marc:subfield>
      <marc:subfield code="4">aut</marc:subfield>
      <marc:subfield code="e">Verfasser/-in</marc:subfield>
   </marc:datafield>
   <marc:datafield ind1=" " ind2=" " tag="653">
      <marc:subfield code="a">Gelassenheit</marc:subfield>
   </marc:datafield>
   <marc:datafield ind1=" " ind2=" " tag="653">
      <marc:subfield code="a">Ratgeber</marc:subfield>
   </marc:datafield>
   <marc:datafield ind1=" " ind2=" " tag="653">
      <marc:subfield code="a">Softcover / Ratgeber/Lebenshilfe</marc:subfield>
   </marc:datafield>
   <marc:datafield ind1=" " ind2=" " tag="653">
      <marc:subfield code="a">Alltag</marc:subfield>
   </marc:datafield>
   <marc:datafield ind1=" " ind2=" " tag="653">
      <marc:subfield code="a">Spezialthemen Ratgeber</marc:subfield>
   </marc:datafield>
   <marc:datafield ind1="0" ind2="0" tag="245">
      <marc:subfield code="a">Gelassenheit lernen für Dummies</marc:subfield>
   </marc:datafield>
   <marc:datafield ind1="0" ind2="0" tag="245">
      <marc:subfield code="b">auf einen Blick: festhalten oder loslassen - die richtige Balance finden ; Erwartungsdruck verringern und Ballast abwerfen ; körperliche und geistige Übungen in den Alltag integrieren ; gelassenes Miteinander in Beruf und Familie üben</marc:subfield>
   </marc:datafield>
   <marc:datafield ind1="0" ind2="0" tag="245">
      <marc:subfield code="c">Eva Kalbheim</marc:subfield>
   </marc:datafield>
   <marc:datafield ind1=" " ind2="1" tag="264">
      <marc:subfield code="a">Weinheim</marc:subfield>
      <marc:subfield code="b">Wiley</marc:subfield>
      <marc:subfield code="c">2015</marc:subfield>
   </marc:datafield>
   <marc:datafield ind1="1" ind2=" " tag="520">
      <marc:subfield code="a">Angaben aus der Verlagsmeldung

Gelassenheit lernen für Dummies / von Eva Kalbheim

Gelassenheit ist der Schlüssel zu einem ausgeglichenen Leben. Wer in sich ruht und um sich herum die Dinge auch mal geschehen lassen kann, lebt gesünder. Doch so einfach das klingt, so schwierig ist es im Alltag umzusetzen. Denn viele verspüren starken Termin- und Leistungsdruck, sie verlieren ihre innere Ruhe, reiben sich in Konflikten auf, verbeißen sich in Probleme, explodieren oder machen sich innerlich kaputt. "Gelassenheit lernen für Dummies" kann helfen, den eigenen Weg zu mehr Gelassenheit zu finden. Abhängig von der Persönlichkeitsstruktur gibt es ganz unterschiedliche Möglichkeiten, in den verschiedenen Situationen gelassen zu reagieren und dauerhaft gelassen zu bleiben. Checklisten, Tagebuch-Vorlagen und konkrete Übungen helfen, Schritt für Schritt mehr Gelassenheit zu üben und eine gelassene Haltung im Alltag, in der Familie und im Beruf einzunehmen.
</marc:subfield>
   </marc:datafield>
   <marc:datafield ind1=" " ind2=" " tag="020">
      <marc:subfield code="a">9783527710867</marc:subfield>
      <marc:subfield code="9">9783527710867</marc:subfield>
   </marc:datafield>
   <marc:datafield ind1=" " ind2=" " tag="020">
      <marc:subfield code="a">3527710868</marc:subfield>
      <marc:subfield code="9">3527710868</marc:subfield>
   </marc:datafield>
   <marc:datafield ind1=" " ind2=" " tag="041">
      <marc:subfield code="a">ger</marc:subfield>
   </marc:datafield>
   <marc:datafield ind1=" " ind2=" " tag="300">
      <marc:subfield code="a">329 S.</marc:subfield>
   </marc:datafield>
</marc:record>
